ბათუმის შოთა რუსთაველის სახელმწიფო უნივერსიტეტის ბიბლიოთეკა

თანამედროვე საჰაერო / (ბიბ.ჩანაწერი № 34664)

000 -ლიდერი
ფიქსირებული სიგრძის საკონტროლო ველი 01012nam a2200241Ia 4500
001 - საკონტროლო ნომერი
საკონტროლო ველი 442
003 - საკონტროლო ნომრის იდენტიფიკატორი
საკონტროლო ველი GE_BSU
005 - ბოლო ოპერაციის თარიღი და დრო
საკონტროლო ველი 20221223165836.0
008 - ფიქსირებული სიგრძის მონაცემთა ელემენტები - ზოგადი ინფორმაცია
ფიქსირებული სიგრძის საკონტროლო ველი 181216s2004||||ge |||||||||||||| ||geo||
020 ## - წიგნის საერთაშორისო სტანდარტული ნომერი
International Standard Book Number 9994017446
040 ## - კატალოგიზაციის წყარო
Transcribing agency GE_BSU
041 ## - ენის კოდი
Language code of text/sound track or separate title geo
080 ## - უნივერსალური ათობითი კლასიფიკაციის ინდექსი
Universal Decimal Classification number 347.8 გ–41
100 ## - მთავარი ჩანაწერი - პიროვნების სახელი
Personal name გეფერიძე, დავით
9 (RLIN) 2831
245 ## - ცნობა სათაურის შესახებ
Title თანამედროვე საჰაერო /
Statement of responsibility, etc დავით გეფერიძე; რედ. ვიტალი ბორდუნოვი, თეიმურაზ შაქირაძე.
264 ## - წარმოების, გამოცემის, დისტრიბუციის და სხვა ცნობები
გამოცემის, წარმოების, დისტრიბუციის... ადგილი თბილისი:
გამოცემის, წარმოების, დისტრიბუციის... სახელწოდება ჯისიაი,
გამოცემის, წარმოების, დისტრიბუციის... თარიღი 2004.
300 ## - ფიზიკური აღწერა
Extent 407გვ.
653 ## - INDEX TERM--UNCONTROLLED
Uncontrolled term თანამედროვე საჰაერო სამართალი
700 ## - ADDED ENTRY--PERSONAL NAME
Personal name ბორდუნოვი, ვიტალი
Relator term რედაქტორი
9 (RLIN) 16560
700 ## - ADDED ENTRY--PERSONAL NAME
Personal name შაქირაძე, თეიმურაზ
Relator term რედაქტორი
9 (RLIN) 16562
942 ## - ADDED ENTRY ELEMENTS (KOHA)
Koha item type წიგნი
Source of classification or shelving scheme
ეგზემპლარები
ჩამოწერის სტატუსი დაკარგული ეგზემპლარის სტატუსი კლასიფიკაციის წყარო ან თაროზე გაწყობის სქემა დაზიანების სტატუსი არ გაიცემა მუდმივი მდებარეობა (დაცვის ადგილი) ამჟამინდელი ადგილსამყოფელი თაროზე განთავსების ადგილი შეძენის თარიღი ღირებულება, შესყიდვის ნორმალური ფასი სრული შენახვის შიფრი შტრიხკოდი ბოლო ოპერაციის თარიღი ეგზემპლარის მიმდევრობითი ნომერი (კეტერი?) ფასის ძალაში შესვლის თარიღი ეგზემპლარის სახეობა საჯარო შენიშვნა
          ბათუმის შოთა რუსთაველის სახელმწიფო უნივერსიტეტის მთავარი ბიბლიოთეკა ბათუმის შოთა რუსთაველის სახელმწიფო უნივერსიტეტის მთავარი ბიბლიოთეკა წიგნსაცავი 2018-12-17 18.00 347.8 გ–41 1845 2018-12-17 1845 2018-12-17 წიგნი 18 ლ.